000 00309nam a22001337a 4500
008 170522b xxu||||| |||| 00| 0 eng d
020 _a9780865976979
041 _aeng
080 _a94
100 _a16
101 _aSHH
245 _aTHE CREATION OF THE PRESIDENCY 1775-1789
_cTHACH,CH.C
942 _2udc
_cBK
999 _c13703
_d13703